000
00200 a2200097 4500
020
_a
9781573228565
041
_a
eng
100
_a
Rachel Naomi Remen
245
_a
My grandfathers Blessings
942
_c
K
999
_c
26867
_d
26867